One Piece par la lettre T - Statistiques

Statistiques générales
  • Ce quiz a été pris 176 fois
  • Le résultat moyen est 15 sur 24
Statistiques - réponses
Indice Réponse % Correct
Barbe Noire Teach
99%
Navire des chapeaux de paille Thousand Sunny
87%
A fabriqué le navire de Gol D Roger Tom
83%
Fille de Wano amie de Luffy et Ace Tama
81%
Navire de Moria Thriller Bark
81%
Élément de Barbe Noire Ténèbres
80%
La tribu de Léo Tontata
80%
Rôle de Jinbe dans l'équipage Timonier
75%
Fruit du démon de Barbe blanche Fruit du tremblement
71%
Un des commandants de la Don Quichotte family Trebol
71%
Fruit du démon de Bon Clay Travesti fruit
65%
Femme vice-amiral de la marine Tsuru
65%
Groupe dans l'équipage de Kaido Tobiroppo
64%
Peut voyager dans le temps Toki
63%
Possède le fruit de l'oeuf Tamago
61%
Épéiste de la marine Tashigi
60%
Zoan de Pekoms Tortue
57%
Vice-amiral de la marine assassiné T-Bone
50%
Zoan de Sasaki Triceratops
49%
Fruit du démon de Mister 1 Fruit tailladant
44%
Fille de Yasuie Toko
44%
Zoan de Who's who Tigre à dents de sabre
39%
Père de Koza Toto
35%
Membre de la Galley la compagnie Tilestone
26%
Aucun quiz correspondant
Distribution des résultats
% des personnes avec chaque résultat
Percentile par nombre de réponses
Votre historique - résultats
Vous n’avez pas pris ce quiz